000 00288nam a22000977a 4500
245 _aEstimates Committee (1966-67): Hundred and twelfth Report (Third Lok Sabha, Ministry of Commerce)
260 _aNew Delhi
_bLok Sabha Secretariat
300 _a34p.
500 _aCopy from NET
942 _cBK
999 _c74694
_d74694